| 000 | 004740000a22001810004500 | ||
|---|---|---|---|
| 003 | MACL | ||
| 005 | 20151219133204.0 | ||
| 008 | 151219b xxu||||| |||| 00| 0 eng d | ||
| 040 |
_aMACL _cMACL |
||
| 041 | _aEnglish | ||
| 082 | _a300/MCC | ||
| 100 |
_aMcCall, Robert B _921338 |
||
| 245 | _aFundamental Statistics For Behavioral Sciences | ||
| 260 |
_bWadsworth Publishing Company _c2001 |
||
| 350 | _a715 | ||
| 650 |
_aSocial Science _921339 |
||
| 942 |
_cBK _k300/MCC _2ddc |
||
| 999 |
_c40403 _d40403 |
||